[Event "Lenk op"]
[Site "Lenk SUI"]
[Date "1994.??.??"]
[Round "3"]
[White "Porper, Edward"]
[Black "Almada, Enrique"]
[Result "1/2-1/2"]
[WhiteElo "2400"]
[BlackElo "2285"]
[PlyCount "108"]
[EventDate "1994.??.??"]
[EventType "swiss"]
[EventRounds "7"]
[EventCountry "SUI"]

1. d4 Nf6 2. c4 e6 3. Nf3 b6 4. Nc3 Bb7 5. Bg5 Bb4 6. e3 h6 7. Bh4 c5 8. Qc2
cxd4 9. exd4 O-O 10. a3 Be7 11. Bd3 d5 12. Bxf6 Bxf6 13. cxd5 exd5 14. O-O Nc6
15. Rad1 Re8 16. Qa4 a6 17. Bb1 Na5 18. Qc2 g6 19. Rfe1 Qd6 20. Re2 Nc4 21.
Rde1 Bc6 22. Ba2 b5 23. Rxe8+ Rxe8 24. Rxe8+ Bxe8 25. Bxc4 bxc4 26. Qd2 Kg7 27.
g3 Bd7 28. Ne5 Be6 29. f4 Bd8 30. Na4 f6 31. Nf3 g5 32. Kf2 Bc7 33. fxg5 hxg5
34. Qb4 Qxb4 35. axb4 Kg6 36. Ne1 f5 37. Nc5 Bc8 38. Ng2 f4 39. gxf4 gxf4 40.
Nh4+ Kg5 41. Nf3+ Kf5 42. Ng1 Kg4 43. Ne2 Bd8 44. h3+ Kf5 45. Kf3 Bf6 46. h4
Bxh4 47. Nxf4 Bf6 48. Nxd5 Bxd4 49. Ne7+ Ke5 50. Nxc8 Bxb2 51. Ke2 Ba3 52. Nxa6
Bxb4 53. Nxb4 c3 54. Nc2 Ke4 1/2-1/2

[Event "Lenk op"]
[Site "Lenk SUI"]
[Date "1994.??.??"]
[Round "5"]
[White "Porper, Edward"]
[Black "Werner, Veronika"]
[Result "1-0"]
[WhiteElo "2400"]
[BlackElo "2205"]
[PlyCount "77"]
[EventDate "1994.??.??"]
[EventType "swiss"]
[EventRounds "7"]
[EventCountry "SUI"]

1. d4 d6 2. Nf3 Nf6 3. c4 Nbd7 4. Nc3 e5 5. Bg5 Be7 6. e3 O-O 7. Qc2 Re8 8. Be2
c6 9. O-O Qc7 10. h3 Bf8 11. Bh4 b6 12. Rfd1 Bb7 13. Rac1 a6 14. Bg3 g6 15. Qb1
Rac8 16. b4 c5 17. bxc5 bxc5 18. dxe5 Nxe5 19. Nxe5 dxe5 20. Bh4 Bg7 21. Bxf6
Bxf6 22. Bd3 Bg7 23. Be4 Rb8 24. Bxb7 Rxb7 25. Qe4 Reb8 26. Qd5 Qa5 27. Ne4 Rb2
28. g4 Qc7 29. Nxc5 Rxa2 30. Rb1 h6 31. Rxb8+ Qxb8 32. Ne4 Qc7 33. Rb1 Ra5 34.
c5 Rb5 35. Rxb5 axb5 36. c6 Bf8 37. Qxb5 Be7 38. Qb7 Bd8 39. Qxc7 1-0

[Event "Lenk op"]
[Site "Lenk SUI"]
[Date "1994.??.??"]
[Round "6"]
[White "Brunner, Lucas"]
[Black "Porper, Edward"]
[Result "1-0"]
[WhiteElo "2525"]
[BlackElo "2400"]
[PlyCount "137"]
[EventDate "1994.??.??"]
[EventType "swiss"]
[EventRounds "7"]
[EventCountry "SUI"]

1. d4 Nf6 2. Nf3 d5 3. c4 c6 4. Nc3 a6 5. Qb3 g6 6. cxd5 cxd5 7. Bg5 e6 8. Ne5
Bg7 9. e4 dxe4 10. Nxe4 O-O 11. Ng4 Qa5+ 12. Bd2 Qd8 13. Ngxf6+ Bxf6 14. Nxf6+
Qxf6 15. Bc3 Nc6 16. Rd1 Qg5 17. g3 Qd5 18. Qxd5 exd5 19. f3 b5 20. a3 Rb8 21.
Bb4 Re8+ 22. Kf2 Bf5 23. Be2 Rbc8 24. Rd2 Nxb4 25. axb4 Rc6 26. g4 Bd7 27. Bd3
Kg7 28. Rc2 Rxc2+ 29. Bxc2 Rc8 30. Bb3 Be6 31. h4 h6 32. Ra1 Rc6 33. g5 f6 34.
gxf6+ Kxf6 35. Re1 Rc7 36. Kg3 g5 37. hxg5+ hxg5 38. Ra1 Rc6 39. Kf2 Kf5 40.
Ke3 Bf7 41. Rh1 Re6+ 42. Kf2 Rc6 43. Kg3 Be6 44. Rh6 Bd7 45. Rh8 Be6 46. Rd8
Kf6 47. Ra8 Ke7 48. Ra7+ Kf6 49. Kf2 g4 50. fxg4 Bxg4 51. Kg3 Be2 52. Kf4 Ke6
53. Rh7 Kd6 54. Rh6+ Kc7 55. Rxc6+ Kxc6 56. Ke5 Bf3 57. Bc2 Kc7 58. Bf5 Kc6 59.
Ke6 Be4 60. Bh3 Kb6 61. Kd6 a5 62. bxa5+ Kxa5 63. Kc5 Ka4 64. b4 Bd3 65. Be6
Bc4 66. Bf7 Kb3 67. Be8 Kc3 68. Bc6 Kd3 69. Bxd5 1-0

[Event "Lenk op"]
[Site "Lenk SUI"]
[Date "1994.??.??"]
[Round "7"]
[White "Porper, Edward"]
[Black "Werner, Isabel"]
[Result "1-0"]
[WhiteElo "2400"]
[BlackElo "2185"]
[PlyCount "125"]
[EventDate "1994.??.??"]
[EventType "swiss"]
[EventRounds "7"]
[EventCountry "SUI"]

1. d4 d6 2. Nf3 Nf6 3. c4 Nbd7 4. Nc3 e5 5. Bg5 Be7 6. e3 O-O 7. Qc2 c6 8. Be2
Ng4 9. h3 Ngf6 10. O-O Re8 11. Rfd1 Qc7 12. Rac1 h6 13. Bh4 Nh7 14. Bg3 Ng5 15.
Nh4 Nf6 16. c5 exd4 17. Rxd4 Ne6 18. Rdd1 Nxc5 19. b4 Ncd7 20. Nb5 Qb6 21. Nxd6
Bxd6 22. Bxd6 Nd5 23. Bh5 N7f6 24. Bxf7+ Kxf7 25. Qg6+ Kg8 26. Rxd5 cxd5 27.
Rc7 Qxc7 28. Bxc7 Be6 29. Nf5 Bxf5 30. Qxf5 Rf8 31. Be5 Rad8 32. f3 Rf7 33. Qg6
Rdf8 34. Qc2 a6 35. a4 Re8 36. Bd4 Kh8 37. g4 Ree7 38. Kg2 Kg8 39. Kg3 Rc7 40.
Qd3 Rcd7 41. h4 Ne8 42. b5 axb5 43. axb5 Nd6 44. b6 Rd8 45. Be5 Nc4 46. Bc7
Rdd7 47. e4 d4 48. Qxc4 d3 49. Qc1 d2 50. Qd1 Rd3 51. Bf4 g5 52. hxg5 hxg5 53.
Bxd2 Rfd7 54. Qa1 Rxd2 55. Qa5 Rd1 56. Qxg5+ Kh8 57. e5 Rg1+ 58. Kf2 Rdd1 59.
Qf6+ Kg8 60. Qg6+ Kh8 61. Qe8+ Kg7 62. Ke3 Rge1+ 63. Kf4 1-0

[Event "Avoine op"]
[Site "Avoine FRA"]
[Date "1992.??.??"]
[Round "4"]
[White "Porper, Edward"]
[Black "Parmentier, Xavier"]
[Result "1-0"]
[WhiteElo "2395"]
[BlackElo "2245"]
[PlyCount "79"]
[EventDate "1992.??.??"]
[EventType "swiss"]
[EventRounds "9"]
[EventCountry "FRA"]
[Source "ChessBase"]
[SourceDate "2003.11.25"]

1. d4 Nf6 2. Nf3 g6 3. c4 Bg7 4. Nc3 O-O 5. e4 d6 6. Be2 e5 7. O-O Na6 8. d5
Nc5 9. Qc2 a5 10. Be3 b6 11. Nd2 Bg4 12. Qd1 h5 13. h3 Bd7 14. b3 Nh7 15. a3
Qe8 16. Nb5 Bxb5 17. cxb5 f5 18. exf5 gxf5 19. Bxh5 Qxb5 20. Bg6 Qd3 21. Qh5
Nf6 22. Qh4 Qxd5 23. Bxf5 Qf7 24. Bxc5 bxc5 25. Ne4 Rfd8 26. Ng5 Qh5 27. Qxh5
Nxh5 28. Be6+ Kf8 29. Bg4 Nf6 30. Ne6+ Kf7 31. Nxd8+ Rxd8 32. Be2 Ne4 33. Rac1
Rb8 34. Rfd1 Bh6 35. Rc4 Nd2 36. Rh4 Bg5 37. Rh5 Kf6 38. h4 Bf4 39. g3 Rg8 40.
Kh2 1-0

[Event "Avoine op"]
[Site "Avoine FRA"]
[Date "1992.??.??"]
[Round "7"]
[White "Dumitrache, Dragos"]
[Black "Porper, Edward"]
[Result "1-0"]
[WhiteElo "2400"]
[BlackElo "2395"]
[PlyCount "91"]
[EventDate "1992.??.??"]
[EventType "swiss"]
[EventRounds "9"]
[EventCountry "FRA"]
[Source "ChessBase"]
[SourceDate "2003.11.25"]

1. d4 d6 2. Nf3 Bg4 3. c4 Nd7 4. e4 g6 5. Be2 Bg7 6. Nc3 c6 7. O-O a6 8. Rb1 e5
9. d5 cxd5 10. cxd5 Bxf3 11. Bxf3 Ngf6 12. Bg5 h6 13. Be3 O-O 14. Qb3 b5 15. a4
Rb8 16. axb5 axb5 17. Qb4 Ne8 18. Ra1 f5 19. Ra5 f4 20. Ba7 Rb7 21. Rfa1 Ndf6
22. Rxb5 Rd7 23. Bb6 Qe7 24. Rba5 g5 25. Ra7 g4 26. Be2 Qf7 27. Rxd7 Qxd7 28.
Ra7 Qc8 29. Qc4 Qxc4 30. Bxc4 f3 31. g3 Nh7 32. b4 Ng5 33. b5 Nf6 34. Bd3 Rc8
35. Bc7 Nd7 36. Na4 Bf6 37. b6 Bd8 38. Ba6 Nxb6 39. Bxc8 Bxc7 40. Nc3 Nxc8 41.
Rxc7 Nb6 42. Rc6 Nd7 43. Rxd6 Nc5 44. Rxh6 Kf7 45. Rh5 Nd3 46. Kf1 1-0

[Event "Benasque op"]
[Site "Benasque ESP"]
[Date "1992.??.??"]
[Round "?"]
[White "Porper, Edward"]
[Black "Garcia Palermo, Carlos"]
[Result "1-0"]
[WhiteElo "2395"]
[BlackElo "2465"]
[PlyCount "50"]
[EventDate "1992.??.??"]
[EventType "swiss"]
[EventRounds "9"]
[EventCountry "ESP"]
[Source "ChessBase"]
[SourceDate "2003.11.25"]

1. d4 d5 2. c4 dxc4 3. Nf3 a6 4. Nc3 b5 5. a4 b4 6. Ne4 Bb7 7. Ned2 e6 8. Nxc4
c5 9. a5 Nc6 10. Be3 Nge7 11. dxc5 Qxd1+ 12. Rxd1 Nd5 13. Bc1 Bxc5 14. e4 Nf6
15. Bd3 Rd8 16. O-O h6 17. e5 Nd5 18. Nfd2 Nf4 19. Ne4 Nxd3 20. Rxd3 Rxd3 21.
Nxc5 Nxe5 22. Nxe5 Rd5 23. Ned3 Bc6 24. Be3 Bb5 25. Nxb4 Rd6 1-0

[Event "ISR-ch"]
[Site "Ramat Gan ISR"]
[Date "1992.??.??"]
[Round "2"]
[White "Greenfeld, Alonso"]
[Black "Porper, Edward"]
[Result "1/2-1/2"]
[WhiteElo "2535"]
[BlackElo "2395"]
[PlyCount "92"]
[EventDate "1992.??.??"]
[EventType "swiss"]
[EventRounds "11"]
[EventCountry "ISR"]

1. d4 Nf6 2. c4 e5 3. dxe5 Ng4 4. Bf4 Nc6 5. Nf3 Bb4+ 6. Nbd2 Qe7 7. e3 Ngxe5
8. Nxe5 Nxe5 9. Be2 O-O 10. O-O Ng6 11. Bg3 Bd6 12. Bxd6 Qxd6 13. Ne4 Qe5 14.
Nc3 Rb8 15. Qd2 Re8 16. Rae1 b6 17. Bd3 Ba6 18. f4 Qd6 19. Nb5 Bxb5 20. cxb5
Re7 21. Qc3 Rbe8 22. Bb1 Qc5 23. Qxc5 bxc5 24. Kf2 d6 25. a3 Nf8 26. Bd3 Nd7
27. Re2 Nf6 28. Kf3 Ne4 29. g4 d5 30. Rc1 g6 31. b3 Kg7 32. Rcc2 Rb8 33. h4 f5
34. gxf5 gxf5 35. Rg2+ Kf6 36. Rc1 Ke6 37. Bxe4 fxe4+ 38. Ke2 Rxb5 39. Rg5 Kd6
40. Rh5 c6 41. Rh6+ Kc7 42. a4 Rxb3 43. Rxc5 Rb2+ 44. Ke1 Rb1+ 45. Kf2 Rb2+ 46.
Kf1 Rb1+ 1/2-1/2

[Event "ISR-ch"]
[Site "Ramat Gan ISR"]
[Date "1992.??.??"]
[Round "3"]
[White "Porper, Edward"]
[Black "Lev, Ronen"]
[Result "0-1"]
[WhiteElo "2395"]
[BlackElo "2455"]
[PlyCount "106"]
[EventDate "1992.??.??"]
[EventType "swiss"]
[EventRounds "11"]
[EventCountry "ISR"]

1. e4 c5 2. Nf3 Nc6 3. Bb5 d6 4. O-O Bd7 5. Re1 a6 6. Bxc6 Bxc6 7. d4 cxd4 8.
Qxd4 Nf6 9. Bg5 h6 10. Bxf6 gxf6 11. Nc3 Rg8 12. Nd5 Bg7 13. Qd2 e6 14. Rad1
Kf8 15. Nf4 f5 16. Qb4 a5 17. Qa3 fxe4 18. Rxd6 Qe7 19. Qc5 Bxb2 20. Ne5 Bxe5
21. Qxe5 Qg5 22. Rxe6 Qxe5 23. Rxe5 Rg5 24. Rxg5 hxg5 25. Nh3 f6 26. Rd1 Ra6
27. Rb1 Bd5 28. a3 Rc6 29. f4 exf3 30. Rb5 Rd6 31. gxf3 b6 32. Kf2 Bc4 33. Rb1
Rd2+ 34. Kg3 b5 35. c3 Rc2 36. Nf2 Rxc3 37. Ne4 Rxa3 38. Nd6 Bd5 39. Rxb5 Bxf3
40. Kf2 g4 41. Nc4 Ra2+ 42. Kg3 Be2 43. Rb8+ Kf7 44. Ne3 a4 45. Kf4 Bf3 46. h3
a3 47. Rc8 gxh3 48. Kxf3 h2 49. Rc1 Rb2 50. Nf5 a2 51. Ke4 Rb4+ 52. Kd5 Rb1 53.
Rc7+ Kg6 0-1

[Event "ISR-ch"]
[Site "Ramat Gan ISR"]
[Date "1992.??.??"]
[Round "4"]
[White "Zifroni, Dov"]
[Black "Porper, Edward"]
[Result "1-0"]
[WhiteElo "2355"]
[BlackElo "2395"]
[PlyCount "85"]
[EventDate "1992.??.??"]
[EventType "swiss"]
[EventRounds "11"]
[EventCountry "ISR"]

1. e4 c5 2. c3 d5 3. exd5 Qxd5 4. d4 Nc6 5. Nf3 Bf5 6. Be3 Nf6 7. Qb3 Qxb3 8.
axb3 Nd5 9. dxc5 Nxe3 10. fxe3 g6 11. Bb5 Bh6 12. Ke2 O-O 13. Nbd2 Rfd8 14. Ra3
Rac8 15. b4 a6 16. Bc4 Rd7 17. Raa1 Rcd8 18. Rad1 Kg7 19. h3 Bc2 20. Rc1 Bd3+
21. Bxd3 Rxd3 22. Nc4 e5 23. Rhd1 e4 24. Rxd3 Rxd3 25. Ne1 Rd5 26. Rd1 Rxd1 27.
Kxd1 f5 28. Ke2 Kf6 29. Nc2 Bf8 30. Nd4 Nd8 31. Nb6 Kg5 32. Nd7 Bg7 33. b5 axb5
34. Nxb5 Kh4 35. Kf2 Bh6 36. Nd6 Bg5 37. b4 Bh6 38. b5 Bg7 39. Nxb7 Nxb7 40. c6
Nd6 41. b6 f4 42. b7 fxe3+ 43. Ke2 1-0

[Event "ISR-ch"]
[Site "Ramat Gan ISR"]
[Date "1992.??.??"]
[Round "5"]
[White "Porper, Edward"]
[Black "Slutzkin, Uri"]
[Result "1/2-1/2"]
[WhiteElo "2395"]
[BlackElo "2305"]
[PlyCount "93"]
[EventDate "1992.??.??"]
[EventType "swiss"]
[EventRounds "11"]
[EventCountry "ISR"]

1. d4 d5 2. c4 e6 3. Nc3 Be7 4. cxd5 exd5 5. Bf4 Nf6 6. e3 O-O 7. Bd3 c5 8.
Nge2 cxd4 9. Nxd4 Nc6 10. O-O Nxd4 11. exd4 Bg4 12. Qb3 Qd7 13. Rfe1 Bd8 14.
Bb5 Qf5 15. Bd6 Bb6 16. Qa4 Rfc8 17. h3 Bh5 18. Re3 Qg5 19. Be5 Bg6 20. Rf1 Be4
21. Rg3 Qf5 22. Re1 Bc7 23. Bxc7 Rxc7 24. Bf1 h6 25. Rge3 Bc2 26. Qb5 Rd8 27.
R1e2 a6 28. Qa5 Rcd7 29. b3 Qg6 30. Na4 Nh5 31. Qb6 Nf4 32. Rd2 Bf5 33. Qxg6
Bxg6 34. Nc5 Rc7 35. g3 Nh5 36. Rde2 Nf6 37. Re7 Rdc8 38. Nxb7 Rxe7 39. Rxe7
Rc1 40. Nc5 Ne4 41. Re8+ Kh7 42. Nd7 h5 43. Nf8+ Kh6 44. Nxg6 Kxg6 45. Kg2 Rc2
46. Kg1 Rc1 47. Kg2 1/2-1/2

[Event "ISR-ch"]
[Site "Ramat Gan ISR"]
[Date "1992.??.??"]
[Round "7"]
[White "Zaltz, Dov"]
[Black "Porper, Edward"]
[Result "0-1"]
[WhiteElo "2300"]
[BlackElo "2395"]
[PlyCount "96"]
[EventDate "1992.??.??"]
[EventType "swiss"]
[EventRounds "11"]
[EventCountry "ISR"]

1. e4 c5 2. Nf3 Nc6 3. d4 cxd4 4. Nxd4 Qb6 5. Nb3 Nf6 6. Nc3 e6 7. Bd3 Be7 8.
O-O d6 9. Be3 Qc7 10. f4 Bd7 11. Kh1 h5 12. Nd2 Ng4 13. Bg1 g5 14. f5 Nce5 15.
Bb5 a6 16. Bxd7+ Qxd7 17. a4 h4 18. Nf3 h3 19. g3 Nxf3 20. Qxf3 Ne5 21. Qe2 Qc6
22. Bd4 Rh6 23. a5 Rc8 24. Ra4 Nc4 25. fxe6 fxe6 26. Qf3 Kd7 27. Qg4 Rf8 28.
Rxf8 Bxf8 29. b3 Ne5 30. Bxe5 dxe5 31. Rc4 Qd6 32. Nd5 Qa3 33. Nb6+ Ke8 34.
Rc8+ Kf7 35. Qf3+ Kg7 36. Rc7+ Be7 37. Qd1 Rf6 38. Nc4 Qb4 39. c3 Qxb3 40.
Rxe7+ Kh6 41. Rh7+ Kxh7 42. Qh5+ Kg7 43. Qxg5+ Kf7 44. Nxe5+ Ke8 45. Qg8+ Rf8
46. Qg6+ Kd8 47. Qg5+ Kc8 48. Qc1 Qc2 0-1

[Event "ISR-ch"]
[Site "Ramat Gan ISR"]
[Date "1992.??.??"]
[Round "8"]
[White "Porper, Edward"]
[Black "Vydeslaver, Alik"]
[Result "1-0"]
[WhiteElo "2395"]
[BlackElo "2305"]
[PlyCount "55"]
[EventDate "1992.??.??"]
[EventType "swiss"]
[EventRounds "11"]
[EventCountry "ISR"]

1. d4 Nf6 2. c4 g6 3. f3 d5 4. cxd5 Nxd5 5. e4 Nb6 6. Be3 Bg7 7. Nc3 O-O 8. Qd2
Nc6 9. O-O-O e5 10. d5 Nd4 11. h4 c6 12. dxc6 bxc6 13. h5 Be6 14. Nh3 Bc4 15.
Bd3 Qc8 16. hxg6 fxg6 17. Ng5 h6 18. Nh3 Rd8 19. Bxh6 Bxd3 20. Bxg7 Qa6 21. Qh6
Nb3+ 22. axb3 Qa1+ 23. Kd2 Qxb2+ 24. Ke1 Qxc3+ 25. Kf2 Qd4+ 26. Kg3 Kf7 27. Qh7
Ke8 28. Nf2 1-0

[Event "ISR-ch"]
[Site "Ramat Gan ISR"]
[Date "1992.??.??"]
[Round "9"]
[White "Kaspi, Alexander"]
[Black "Porper, Edward"]
[Result "1/2-1/2"]
[WhiteElo "2425"]
[BlackElo "2395"]
[PlyCount "109"]
[EventDate "1992.??.??"]
[EventType "swiss"]
[EventRounds "11"]
[EventCountry "ISR"]
[Source "ChessBase"]

1. d4 Nf6 2. Nf3 d5 3. c4 e6 4. Nc3 Bb4 5. e3 O-O 6. Bd3 dxc4 7. Bxc4 a6 8. O-O
c5 9. a3 Ba5 10. Qe2 b5 11. Bd3 Bb7 12. Rd1 Qe7 13. e4 cxd4 14. Nxd4 Rd8 15. b4
Bc7 16. Nf3 h6 17. e5 Nfd7 18. Bf4 Nc6 19. Bg3 Qe8 20. Rac1 Rac8 21. Be4 Nb6
22. Bb1 Rxd1+ 23. Rxd1 Ne7 24. Ne4 Bxe4 25. Qxe4 Ng6 26. Qb7 Nd5 27. Bxg6 fxg6
28. Rc1 Rb8 29. Qc6 Qxc6 30. Rxc6 Rb6 31. Rc5 Kf7 32. h4 Ke7 33. Kf1 Kd7 34.
Nd4 Bd8 35. Rc2 Rb7 36. Nb3 Be7 37. Ke2 Rc7 38. Rxc7+ Kxc7 39. Kd3 Nb6 40. Na5
Na4 41. f4 Nb6 42. Be1 Nd5 43. Ke4 h5 44. g3 Kd7 45. Nb3 Nb6 46. Nd2 Kc6 47.
Kd4 Nc8 48. Kd3 Bd8 49. Bf2 Ne7 50. Ke4 Nd5 51. Nb3 Nc3+ 52. Kd3 Na4 53. Ke4
Nc3+ 54. Kd3 Na4 55. Ke4 1/2-1/2

[Event "ISR-ch"]
[Site "Ramat Gan ISR"]
[Date "1992.??.??"]
[Round "10"]
[White "Porper, Edward"]
[Black "Shvidler, Eliahu"]
[Result "0-1"]
[WhiteElo "2395"]
[BlackElo "2445"]
[PlyCount "121"]
[EventDate "1992.??.??"]
[EventType "swiss"]
[EventRounds "11"]
[EventCountry "ISR"]

1. d4 d5 2. Nf3 c6 3. c4 e6 4. cxd5 exd5 5. Nc3 Bf5 6. Bg5 Be7 7. Bxe7 Qxe7 8.
e3 Nf6 9. Bd3 Bxd3 10. Qxd3 Nbd7 11. O-O O-O 12. Rac1 Ne4 13. Ne2 f5 14. Qa3
Qxa3 15. bxa3 Nd6 16. Nf4 Nc4 17. Rc3 b5 18. Nd3 Rab8 19. Nfe5 Ndxe5 20. Nxe5
Rfc8 21. Nd7 Rb7 22. Nc5 Rf7 23. Rb1 f4 24. exf4 Rxf4 25. Re1 Rxd4 26. g3 Nd6
27. Re6 Nf5 28. Nb3 Rc4 29. Rf3 g6 30. h3 Re4 31. Rxe4 dxe4 32. Rc3 Kf7 33. g4
Nd6 34. f3 exf3 35. Nc5 Nc4 36. Rxf3+ Ke7 37. a4 Rd8 38. axb5 Rd5 39. Ne4 cxb5
40. Nc3 Re5 41. Kf2 b4 42. Ne2 a5 43. Nd4 Kd6 44. Rf7 Rd5 45. Nf3 Rd3 46. Rxh7
Ra3 47. Rg7 Rxa2+ 48. Kg3 Ne5 49. Nxe5 Kxe5 50. Rxg6 a4 51. Rb6 b3 52. Rb5+ Kd4
53. g5 b2 54. g6 Ra3+ 55. Kf2 Rb3 56. Rxb3 axb3 57. g7 b1=Q 58. g8=Q Qf5+ 59.
Kg1 b2 60. Qd8+ Kc4 61. Qg8+ 0-1

[Event "ISR-ch"]
[Site "Ramat Gan ISR"]
[Date "1992.??.??"]
[Round "11"]
[White "Avni, Amatzia"]
[Black "Porper, Edward"]
[Result "1/2-1/2"]
[WhiteElo "2370"]
[BlackElo "2395"]
[PlyCount "82"]
[EventDate "1992.??.??"]
[EventType "swiss"]
[EventRounds "11"]
[EventCountry "ISR"]

1. d4 Nf6 2. Nf3 c6 3. c4 d5 4. e3 a6 5. Nc3 b5 6. cxd5 cxd5 7. Bd3 e6 8. O-O
Bb7 9. Ne5 Nbd7 10. f4 Bd6 11. Bd2 O-O 12. Be1 Ne4 13. Nxe4 dxe4 14. Nxd7 Qxd7
15. Bc2 Bd5 16. g4 Rac8 17. Rf2 Rc6 18. Bb3 Rfc8 19. f5 Bxb3 20. axb3 exf5 21.
gxf5 Be7 22. Kh1 Rh6 23. Qg4 Rh4 24. Qg3 Qc6 25. Bb4 Bf6 26. Bc5 Rh5 27. Rf4
Qd5 28. b4 Qb3 29. Rg4 h6 30. h4 Kh8 31. Rxa6 Qxb2 32. Rxf6 Ra8 33. Ra6 Rxa6
34. Qb8+ Kh7 35. Rxg7+ Kxg7 36. Qf8+ Kf6 37. Be7+ Kxf5 38. Qxf7+ Kg4 39. Qf4+
Kh3 40. Qf1+ Kg3 41. Qf4+ Kh3 1/2-1/2

[Event "Borsodtavho"]
[Site "Borsodtavho HUN"]
[Date "1991.??.??"]
[Round "1"]
[White "Porper, Edward"]
[Black "Vadasz, Laszlo"]
[Result "1/2-1/2"]
[WhiteElo "2485"]
[BlackElo "2385"]
[PlyCount "34"]
[EventDate "1991.05.??"]
[EventType "tourn"]
[EventRounds "13"]
[EventCountry "HUN"]
[EventCategory "8"]

1. d4 Nf6 2. Nf3 g6 3. c4 Bg7 4. Nc3 d5 5. Qb3 dxc4 6. Qxc4 O-O 7. e4 a6 8. Bf4
b5 9. Qxc7 Qxc7 10. Bxc7 Bb7 11. d5 b4 12. Na4 Nxe4 13. Rd1 a5 14. Nb6 Ra7 15.
Nd4 Nd6 16. Be2 Bxd4 17. Rxd4 Ba6 1/2-1/2

[Event "Borsodtavho"]
[Site "Borsodtavho HUN"]
[Date "1991.??.??"]
[Round "3"]
[White "Porper, Edward"]
[Black "Luther, Thomas"]
[Result "1/2-1/2"]
[WhiteElo "2485"]
[BlackElo "2470"]
[PlyCount "41"]
[EventDate "1991.05.??"]
[EventType "tourn"]
[EventRounds "13"]
[EventCountry "HUN"]
[EventCategory "8"]

1. d4 e6 2. c4 Nf6 3. Nf3 d5 4. Nc3 Bb4 5. cxd5 exd5 6. Bg5 Nbd7 7. e3 c5 8.
Bd3 Qa5 9. Qc2 c4 10. Bf5 O-O 11. O-O Re8 12. Nd2 g6 13. Bh3 Bxc3 14. bxc3 Ne4
15. Nxe4 dxe4 16. Bxd7 Bxd7 17. Bf4 Qd5 18. Qb2 Re6 19. Rab1 Bc6 20. Qe2 h5 21.
Bg3 1/2-1/2

[Event "Borsodtavho"]
[Site "Borsodtavho HUN"]
[Date "1991.??.??"]
[Round "4"]
[White "Lendwai, Reinhard"]
[Black "Porper, Edward"]
[Result "1/2-1/2"]
[WhiteElo "2405"]
[BlackElo "2485"]
[PlyCount "121"]
[EventDate "1991.05.??"]
[EventType "tourn"]
[EventRounds "13"]
[EventCountry "HUN"]
[EventCategory "8"]

1. e4 e5 2. Nc3 Nf6 3. Bc4 Bc5 4. d3 c6 5. Bg5 d6 6. Nf3 Nbd7 7. Bb3 Nf8 8. d4
exd4 9. Nxd4 h6 10. Bh4 Ng6 11. Bg3 h5 12. h4 O-O 13. Qd3 Ne5 14. Qd2 Bb4 15.
f3 Qa5 16. Nde2 Be6 17. Bxe6 fxe6 18. Bxe5 Qxe5 19. O-O-O d5 20. Qg5 Nd7 21. a3
Bd6 22. Qxe5 Nxe5 23. Rhe1 Nc4 24. Rd3 Rae8 25. a4 Bc5 26. Rh1 Rd8 27. b3 Ne5
28. Rdd1 d4 29. Na2 d3 30. Nec3 a5 31. Kb2 Be7 32. Nc1 dxc2 33. Kxc2 Ng6 34.
Rxd8 Bxd8 35. Nd3 Nxh4 36. Nc5 Nxg2 37. Rxh5 Rxf3 38. Nxb7 Bf6 39. Rc5 Ne1+ 40.
Kd2 Nd3 41. Rxc6 Nb4 42. Rc8+ Kh7 43. Nd1 Rxb3 44. Nxa5 Ra3 45. Nc4 Rxa4 46.
Ke2 Ra2+ 47. Kf3 Nd3 48. Ke3 Ne1 49. e5 Bg5+ 50. Kd4 Nf3+ 51. Ke4 Ne1 52. Kd4
Re2 53. Nc3 Rh2 54. Rc6 Nc2+ 55. Kc5 Be7+ 56. Kb6 Nd4 57. Rd6 Rc2 58. Rxd4 Rxc3
59. Kc6 Rh3 60. Kd7 Bc5 61. Rg4 1/2-1/2

[Event "Borsodtavho"]
[Site "Borsodtavho HUN"]
[Date "1991.??.??"]
[Round "7"]
[White "Sjoberg, Mats"]
[Black "Porper, Edward"]
[Result "0-1"]
[WhiteElo "2360"]
[BlackElo "2485"]
[PlyCount "90"]
[EventDate "1991.05.??"]
[EventType "tourn"]
[EventRounds "13"]
[EventCountry "HUN"]
[EventCategory "8"]

1. d4 e6 2. c4 f5 3. Nf3 Nf6 4. g3 Be7 5. Bg2 O-O 6. O-O Ne4 7. Qc2 Bf6 8. Nc3
d5 9. Bf4 c6 10. Rad1 Qe8 11. Ne1 g5 12. Bc1 Nd6 13. b3 Na6 14. Ba3 Be7 15. Qc1
f4 16. e4 Qh5 17. f3 Bd7 18. Nd3 Rae8 19. Rde1 dxc4 20. Ne5 Bc8 21. bxc4 Nb8
22. c5 Nf7 23. g4 Qh6 24. Nxf7 Rxf7 25. e5 Rd8 26. Rd1 Na6 27. Ne4 Nc7 28. Rfe1
Nd5 29. Bf1 Qh4 30. Nd6 Bxd6 31. exd6 h5 32. gxh5 Qxh5 33. Bg2 Rh7 34. h3 Qh4
35. Re5 Qg3 36. Qb1 Kg7 37. Bc1 Rxh3 38. Kf1 Rh2 39. Qc2 Rdh8 40. Qf2 Rh1+ 41.
Bxh1 Rxh1+ 42. Ke2 Qxf2+ 43. Kxf2 Rxd1 44. Rxg5+ Kf7 45. Rh5 e5 0-1

[Event "Borsodtavho"]
[Site "Borsodtavho HUN"]
[Date "1991.??.??"]
[Round "8"]
[White "Porper, Edward"]
[Black "Horvath, Jozsef"]
[Result "1/2-1/2"]
[WhiteElo "2485"]
[BlackElo "2540"]
[PlyCount "21"]
[EventDate "1991.05.??"]
[EventType "tourn"]
[EventRounds "13"]
[EventCountry "HUN"]
[EventCategory "8"]

1. d4 Nf6 2. Nf3 e6 3. c4 b6 4. g3 Bb7 5. Bg2 Be7 6. O-O O-O 7. Nc3 Ne4 8. Qc2
Nxc3 9. Qxc3 d6 10. Ne1 Bxg2 11. Nxg2 1/2-1/2

[Event "Borsodtavho"]
[Site "Borsodtavho HUN"]
[Date "1991.??.??"]
[Round "9"]
[White "Thorsteins, Karl"]
[Black "Porper, Edward"]
[Result "1/2-1/2"]
[WhiteElo "2480"]
[BlackElo "2485"]
[PlyCount "31"]
[EventDate "1991.05.??"]
[EventType "tourn"]
[EventRounds "13"]
[EventCountry "HUN"]
[EventCategory "8"]

1. d4 e6 2. c4 d5 3. Nc3 Nf6 4. cxd5 exd5 5. Bg5 Be7 6. e3 c6 7. Bd3 Nbd7 8.
Qc2 Nh5 9. Bxe7 Qxe7 10. Nge2 Nb6 11. O-O-O Bg4 12. Kb1 Bxe2 13. Bxe2 Nf6 14.
Rc1 O-O 15. Bd3 Rfe8 16. Ne2 1/2-1/2

[Event "Borsodtavho"]
[Site "Borsodtavho HUN"]
[Date "1991.??.??"]
[Round "10"]
[White "Porper, Edward"]
[Black "Atalik, Suat"]
[Result "1/2-1/2"]
[WhiteElo "2485"]
[BlackElo "2420"]
[PlyCount "122"]
[EventDate "1991.05.??"]
[EventType "tourn"]
[EventRounds "13"]
[EventCountry "HUN"]
[EventCategory "8"]

1. d4 Nf6 2. Nf3 e6 3. c4 d5 4. Nc3 dxc4 5. Qa4+ c6 6. Qxc4 b5 7. Qb3 Nbd7 8.
Bg5 Qa5 9. Bd2 b4 10. Nd1 c5 11. e3 Bb7 12. Qc4 Qb6 13. Qb5 Bc6 14. Qa6 Ne4 15.
b3 Nxd2 16. Nxd2 Qxa6 17. Bxa6 cxd4 18. exd4 Bxg2 19. Rg1 Nb8 20. Be2 Bc6 21.
Rc1 Be7 22. Rxg7 Bf6 23. Rg4 h5 24. Rf4 Bg5 25. Rf3 Ke7 26. Rh3 h4 27. Rc5 Bf6
28. Nf3 Bxf3 29. Rxf3 Rd8 30. Rc7+ Nd7 31. Bb5 Bxd4 32. Bxd7 Be5 33. Rb7 Rxd7
34. Rxd7+ Kxd7 35. Rxf7+ Kc6 36. h3 a5 37. Re7 Kd6 38. Rh7 Bf6 39. Ne3 Bc3+ 40.
Ke2 a4 41. Nc4+ Kc6 42. Rxh4 axb3 43. axb3 Ra2+ 44. Ke3 e5 45. f3 Kd5 46. Rh6
Bd4+ 47. Kd3 Ra1 48. h4 Rh1 49. Rd6+ Kc5 50. Ra6 Kd5 51. Nd2 Rh3 52. Ra5+ Kc6
53. Kc4 Rxh4 54. Ne4 Rf4 55. Ra6+ Bb6 56. Kxb4 Rxf3 57. Nd2 Rf4+ 58. Nc4 Kc7
59. Kb5 Bd4 60. Rc6+ Kd7 61. Rg6 Rf1 1/2-1/2

[Event "Borsodtavho"]
[Site "Borsodtavho HUN"]
[Date "1991.??.??"]
[Round "12"]
[White "Porper, Edward"]
[Black "Manor, Ilan"]
[Result "1/2-1/2"]
[WhiteElo "2485"]
[BlackElo "2445"]
[PlyCount "23"]
[EventDate "1991.05.??"]
[EventType "tourn"]
[EventRounds "13"]
[EventCountry "HUN"]
[EventCategory "8"]

1. d4 d5 2. c4 c6 3. cxd5 cxd5 4. Nf3 Nf6 5. Nc3 Nc6 6. Bf4 Bg4 7. e3 e6 8. Be2
Bd6 9. Bxd6 Qxd6 10. O-O O-O 11. Nd2 Bxe2 12. Qxe2 1/2-1/2